| 000 | 00348nam a22001577a 4500 | ||
|---|---|---|---|
| 003 | SGT | ||
| 020 | _a978-93-85915-50-5 | ||
| 082 |
_a615.19 _bM19A |
||
| 100 | _aALAGARASAMY,V. | ||
| 245 | _aTEXT BOOK OF MEDICINAL CHEMISTRY | ||
| 250 | _a3RD | ||
| 260 |
_aNEW DELHI _bCBS PUB _c2019 |
||
| 300 | _a568 | ||
| 650 | _aPHARMACY | ||
| 942 |
_2ddc _cBK _041 |
||
| 999 |
_c17362 _d17362 |
||